000 00874nam a2200265 i 4500
003 OSt
005 20240826102111.0
008 240826s2024 my a e 00| f may d
020 _a9789678134538
_cRM 36.00
_qpaperback
040 _aPPAK
_beng
_cPPAK
_erda
082 0 4 _223
_a899.2333
090 0 0 _a899.2333
_bSAS
_dG
100 1 _aSasasera,
_d1991-
_eauthor.
245 1 0 _aFAKHRUL REZA LELAKI OBSESIF /
_cSASASERA ; Editor : Nadia Sharif & Ayuni Syafiqah
264 1 _aBandar Pusat Jengka, Pahang :
_bRinsya Chasiani Publication,
_c[2024?]
300 _a366 pages :
_billustrations ;
_c20 cm
336 _atext
_2rdacontent
337 _aunmediated
_2rdamedia
338 _avolume
_2rdacarrier
650 1 0 _aMalay fiction
650 2 4 _aMalaysian fiction
700 0 _aNadia Sharif,
_eeditor.
700 0 _bAyuni Syafiqah,
_eeditor.
942 _2ddc
_cB
999 _c196752
_d196752